| 000 | 01066cam a22002415a 4500 | ||
|---|---|---|---|
| 001 | 159940 | ||
| 008 | 180409s2018 xxk f s 001 0 eng d | ||
| 020 | _a9780727761880 | ||
| 035 | _a(Sirsi) u159940 | ||
| 041 | 0 | _aeng | |
| 050 | 0 | 4 | _aF692.8 |
| 100 | 1 | _aMitchell, Bronwyn | |
| 245 | 0 | 0 |
_aManaging reality _bbook 4 _bmanaging change |
| 260 |
_aLondon _bICE Publishing _c2018 |
||
| 300 |
_axix, 138p. _c30cm. |
||
| 520 | _aFourth of a five part volume on managing the ECC contract sets out the steps to efficiently manage change, bridging the gap between theory and practice. Covers compensation events contained within the ECC and the procedure for administering them. Then discusses aspects relating to the Schedule of Cost Components, including when it is used, how it interacts with the payment clauses, the actual and defined cost, the fee and the components of cost included. | ||
| 520 | _aSupersedes 2 ed (ISBN 9780727761880) | ||
| 651 | 4 |
_aUnited Kingdom _y |
|
| 690 |
_aContracts _96232 |
||
| 700 | 1 | _aTrebes, Barry | |
| 856 | 4 | 8 |
_u _z |
| 942 | _n0 | ||
| 999 |
_c116164 _d116164 |
||